Built-in iPhone Apps - Statistics

General Stats
  • This quiz has been taken 130 times
  • The average score is 22 of 38
Answer Stats
Versions Answer % Correct
1– Messages/Text
87%
2– App Store
85%
1– Safari
84%
1– Camera
83%
1– Notes
77%
1– Settings
77%
1– Music/iPod
76%
1– Maps
74%
1– Calendar
72%
1– Photos
71%
1– Calculator
68%
2– Contacts
68%
4– FaceTime
68%
1– Phone
68%
1– Clock
66%
1– Mail
65%
1– Weather
65%
2– iTunes Store
61%
8– Health
55%
5– Reminders
55%
11– Files
54%
5– Find My/Find My iPhone
54%
3– Compass
53%
6– Podcasts
52%
1– TV/Videos
51%
6– Wallet/Passbook
51%
8– Watch
51%
4– Books
50%
12– Measure
47%
1– Stocks
46%
3– Voice Memos
45%
10– Home
42%
13– Shortcuts
38%
14– Translate
38%
5– News/Newsstand
37%
8– Tips
36%
1–5 YouTube
29%
4–9 Game Center
17%
No matching quizzes found
Score Distribution
Percent of People with Each Score
Percentile by Number Answered
Your Score History
You have not taken this quiz